[Event "Urals-ch 72nd"]
[Site "Tiumen"]
[Date "2014.03.22"]
[Round "3"]
[White "Molotkov, Valentin"]
[Black "Sannikov, Nikita"]
[Result "0-1"]
[WhiteElo "1868"]
[BlackElo "1795"]
[PlyCount "74"]
[EventDate "2014.03.20"]
[EventType "swiss"]
[EventRounds "9"]
[EventCountry "RUS"]
[SourceTitle "CBM 159 Extra"]
[Source "ChessBase"]
[SourceDate "2014.04.24"]
[SourceVersion "1"]
[SourceVersionDate "2014.04.24"]
[SourceQuality "1"]

1. e4 e5 2. Nc3 Nf6 3. Bc4 c6 4. Qe2 b5 5. Bb3 Ba6 6. d3 Bc5 7. Nh3 0-0 8. 0-0 d6 9. Kh1 Bc8 10. Ng1 Qb6 11. h3 a5 12. a4 Bb7 13. Bg5 Nbd7 14. f4 Rae8 15. f5 d5 16. Kh2 b4 17. Nb1 Bd4 18. Ra2 dxe4 19. Bxf6 Nxf6 20. Nd2 exd3 21. cxd3 Qc7 22. Ne4 Nxe4 23. dxe4 Kh8 24. Nf3 f6 25. Raa1 Qb6 26. Bc4 Rd8 27. Rad1 Rd6 28. Nh4 Rfd8 29. Ng6+ hxg6 30. fxg6 Be3 31. Rxd6 Rxd6 32. Rf3 Bh6 33. Rg3 Qd4 34. b3 Qd2 35. Qh5 c5 36. Qf5 Qf4 37. Qh5 Bxe4 0-1